Sydney Train Stations - T6 Line (Carlingford Line) - Tribute - Statistics

General Stats
  • This quiz has been taken 84 times
  • The average score is 6 of 7
Answer Stats
# Answer % Correct
7 Carlingford
98%
1 Clyde
86%
5 Dundas
86%
6 Telopea
82%
2 Rosehill
76%
3 Camellia
75%
4 Rydalmere
75%
No matching quizzes found
Score Distribution
Percent of People with Each Score
Percentile by Number Answered
Your Score History
You have not taken this quiz